| 000 | 00745nam a22002297a 4500 | ||
|---|---|---|---|
| 005 | 20170124110230.0 | ||
| 010 | _aA-896359 | ||
| 020 |
_c00.00 _a8170189187 |
||
| 035 | _aA-896359 | ||
| 037 | _bCen Lib/Ret | ||
| 040 |
_aDPL _bEN |
||
| 082 |
_a748.502820954 _bGUP |
||
| 100 |
_aGupta, Samita _941170 |
||
| 245 |
_aGlass Paintings : _cby Samita Gupta _ban ephemeral art in India / |
||
| 260 |
_a New Delhi _bB.R. Publishing corporation _c1997 |
||
| 270 |
_bNew Delhi _a1, Ansari road, Daryaganj _e110002 |
||
| 300 |
_a33p.: _c28cm(Hb) _bill. |
||
| 500 | _aIncludes bibliographical references and index | ||
| 650 |
_aArt and craft _z _941171 |
||
| 650 |
_aGlass paintings _941172 |
||
| 942 |
_2ddc _cEN _h748.502820954 _mGUP |
||
| 999 |
_c134592 _d134592 |
||